[Event "Michigan Class A"]
[Site "Auburn Hills, MI"]
[Date "2003.04.26"]
[Round "3.5"]
[White "Laurin, Edward"]
[Black "Skidmore, Jennifer"]
[Result "0-1"]
[WhiteElo "1832"]
[BlackElo "1865"]
[Annotator "Edward Laurin and Tim McGrew"]
[PlyCount "90"]
[EventDate "2003.04.26"]

{Philidor: Jaenisch} 1. e4 e5 2. Nf3 d6 3. d4 Nf6 4. Nc3 exd4 5. Nxd4 Be7 6.
Bc4 {EL: This gives Black time for the b7-b5 push on move 8.} ({Probably best
would be} 6. Bd3 {right away.}) 6... O-O 7. O-O c6 8. Re1 b5 9. Bd3 a6 10. Bg5
c5 11. Nf5 Bxf5 12. exf5 Nbd7 ({TM:} 12... Nc6 {looks sensible, heading for e5.
}) 13. a3 $2 {EL: A complete waste of time.} ({White should just play} 13. Be4
{immediately. Where} Nxe4 14. Bxe7 {gives White good play.}) 13... Ne5 14. Be4
$2 {EL: This drops a pawn and puts White into a crushed position.} ({TM:
Actually, I'm not convinced that} 14. Be4 {is a bad move. The problem seems to
come a bit later.}) 14... Nxe4 15. Bxe7 Nxc3 {#} 16. bxc3 $4 {TM: This is the
real turning point of the game, after which White cannot recover.} ({The right
move was} 16. Qxd6 $1 {since after} Qxd6 17. Bxd6 {both Black knights are
hanging and the rook on f8 is under fire. White has a definite edge after} Rfd8
18. Bxe5 Nd5 19. Rad1 {though Black can and should make him work to prove that
he can convert it into a full point.}) 16... Qxe7 17. f4 Rad8 18. fxe5 dxe5 19.
Qe2 Rfe8 20. c4 b4 21. axb4 cxb4 22. Rxa6 Qc5+ 23. Kh1 Rd4 24. h3 Rxc4 25. Ra5
Qxa5 26. Qxc4 b3 27. Rb1 b2 $1 {TM: Little bits of tactical trim like this
make chess interesting even the technical phases.} (27... b2 {The point is that
} 28. Rxb2 $2 {leaves the rook undefended and} Qa1+ {picks it off.}) 28. Qb3 e4
29. Rxb2 Qxf5 30. Qb8 Qd7 31. Qf4 f5 ({TM:} 31... e3 {is also pretty effective:
} 32. Rb1 e2 33. Re1 Qd1 34. Qb4 Qxc2 {etc.}) 32. c3 e3 33. Qc4+ Kh8 34. Re2 h6
({TM:} 34... f4 {would ring the changes on the idea displayed in Black's 27th
move, e.g.} 35. Qxf4 $4 Qd1+ {and once again an undefended rook falls.}) 35.
Qd4 Qxd4 36. cxd4 f4 37. Kg1 Rd8 38. g3 g5 {TM: Of course Black needs to
safeguard that pawn, but it is surprising how often this sort of move that
gets missed by lower-rated players.} 39. gxf4 gxf4 40. Kg2 Rxd4 41. Kf3 Rd2 $1
{TM: Accurate counting by Black.} 42. Re1 ({TM: Now} 42. Rxd2 exd2 43. Ke2 Kg7
44. Kxd2 Kf6 45. Ke2 Ke5 46. Kf3 Kf5 {allows Black to penetrate at e4, winning
easily.}) 42... Rf2+ $1 {TM: Black ill ustrates a useful technique now whereby
two pawns and a rook roll forward by themselves.} 43. Ke4 e2 44. Kf5 f3 45. Rc1
Rg2 0-1

[Event "Michigan Class A"]
[Site "Auburn Hills, MI"]
[Date "2003.04.26"]
[Round "2.3"]
[White "Laurin, Ed"]
[Black "Jendras, Gerard"]
[Result "0-1"]
[WhiteElo "1832"]
[BlackElo "1890"]
[PlyCount "54"]
[EventDate "2003.04.26"]

1. e4 e5 2. Nf3 Nc6 3. Bc4 Nf6 4. O-O Be7 5. d4 Nxe4 6. dxe5 O-O 7. Bd5 Ng5 8.
Nxg5 Bxg5 9. Bxg5 Qxg5 10. f4 Qe7 11. Nc3 d6 12. exd6 Qxd6 13. Ne4 Qg6 14. Ng3
Bg4 15. Bf3 Rad8 16. Qc1 Bxf3 17. Rxf3 Nd4 18. Rd3 Nxc2 19. Rxd8 Rxd8 20. Rb1
Qb6+ 21. Kh1 Ne3 22. Qc3 Ng4 23. Qf3 Nf2+ 24. Kg1 Rd2 25. Kf1 f5 26. Ne2 Ng4
27. h3 Ne3+ 0-1

[Event "Michigan Class C"]
[Site "Auburn Hills, MI"]
[Date "2003.04.26"]
[Round "3.5"]
[White "Kuczek, Kevin"]
[Black "Smeckert, Dennis"]
[Result "1-0"]
[WhiteElo "1521"]
[BlackElo "1468"]
[PlyCount "85"]
[EventDate "2003.04.26"]

1. e4 g6 2. d4 Bg7 3. Nf3 d6 4. Be2 c6 5. O-O Qc7 6. c4 a6 7. a4 e5 8. Nc3 Nf6
9. h3 O-O 10. Be3 b6 11. Qd2 Bb7 12. Rfd1 Nbd7 13. b4 Rac8 14. Rac1 c5 15. dxc5
dxc5 16. Nd5 Nxe4 17. Ne7+ Kh8 18. Qxd7 Qxd7 19. Rxd7 Bc6 20. Nxc6 Rxc6 21. b5
axb5 22. axb5 Rcc8 23. Ng5 Nxg5 24. Bxg5 f5 25. Ra1 Ra8 26. Rxa8 Rxa8 27. Rd8+
Rxd8 28. Bxd8 e4 29. Bxb6 Bf8 30. Kf1 Kg7 31. Ke1 Bd6 32. g3 h5 33. h4 Kf7 34.
Kd2 Ke7 35. Ba5 Kd7 36. Kc2 e3 37. Be1 f4 38. gxf4 Bxf4 39. fxe3 Bxe3 40. Kd3
Bd4 41. Ke4 Kc7 42. Kd5 Bg1 43. Bc3 1-0

[Event "Michigan Class A"]
[Site "Auburn Hills, MI"]
[Date "2003.04.26"]
[Round "3.6"]
[White "Kriseler, Mark"]
[Black "Zubatch, Steve"]
[Result "1-0"]
[WhiteElo "1914"]
[BlackElo "1821"]
[PlyCount "49"]
[EventDate "2003.04.26"]

1. e3 Nf6 2. b3 g6 3. Bb2 Bg7 4. f4 d5 5. Nf3 O-O 6. Nc3 c6 7. Bd3 Re8 8. Qe2
Qc7 9. O-O-O Nbd7 10. h4 Nc5 11. h5 Nxd3+ 12. cxd3 Bg4 13. hxg6 hxg6 14. Rh4 a5
15. Rdh1 Qc8 16. Qf2 Bh5 17. Na4 Qf5 18. Ne5 b5 19. Nc5 a4 20. g4 Nxg4 21. Nxg4
Bxb2+ 22. Kxb2 Bxg4 23. Qg3 Qf6+ 24. d4 a3+ 25. Kc1 1-0

[Event "Michigan Class C"]
[Site "Auburn Hills, MI"]
[Date "2003.04.26"]
[Round "3.8"]
[White "Kelly, James"]
[Black "Griffin, John"]
[Result "1/2-1/2"]
[WhiteElo "1481"]
[BlackElo "1503"]
[PlyCount "97"]
[EventDate "2003.04.26"]

1. d4 d5 2. e3 Nc6 3. Bd3 Nf6 4. c3 e5 5. dxe5 Nxe5 6. Be2 Be7 7. Nf3 Nxf3+ 8.
Bxf3 c6 9. Nd2 Bf5 10. b3 O-O 11. Bb2 Qc7 12. O-O Rad8 13. Rc1 Ne4 14. Qe2 Nc5
15. e4 dxe4 16. Nxe4 Nxe4 17. Bxe4 Bxe4 18. Qxe4 Bd6 19. h3 Rfe8 20. Qf3 Re6
21. c4 Rde8 22. Qg4 Rg6 23. Qf3 Qe7 24. Rcd1 Re6 25. Qd3 c5 26. Bc3 Qc7 27. Qd5
Bh2+ 28. Kh1 Be5 29. Bxe5 Rxe5 30. Qd7 R5e7 31. Qxc7 Rxc7 32. Rd5 b6 33. Rfd1
Rce7 34. Rd7 Kf8 35. Kg1 f6 36. Kf1 Kf7 37. f4 Ke6 38. Rxe7+ Rxe7 39. Re1+ Kd6
40. Rxe7 Kxe7 41. Ke2 Kd6 42. Kf3 Kc6 43. Ke4 g6 44. g4 a6 45. a4 Kd6 46. h4 h6
47. f5 g5 48. h5 a5 49. Kd3 1/2-1/2

[Event "Michigan Class A"]
[Site "Auburn Hills, MI"]
[Date "2003.04.26"]
[Round "1.1"]
[White "Katsuhara, Osamu"]
[Black "Roe, Philip"]
[Result "0-1"]
[WhiteElo "1871"]
[BlackElo "1965"]
[PlyCount "100"]
[EventDate "2003.04.26"]

1. e4 c5 2. Nf3 d6 3. d4 Nf6 4. Nc3 cxd4 5. Nxd4 g6 6. Be3 Bg7 7. f3 Nc6 8. Qd2
O-O 9. Bc4 Bd7 10. O-O-O Rc8 11. Bb3 Ne5 12. h4 h5 13. Bg5 Nc4 14. Qd3 Na5 15.
Kb1 Nxb3 16. cxb3 Qa5 17. Qd2 Rfe8 18. Bxf6 exf6 19. Nde2 Bc6 20. Qxd6 f5 21.
Nd4 fxe4 22. Nxc6 Rxc6 23. Qd7 Qe5 24. Rd5 Qb8 25. Nxe4 Rxe4 26. fxe4 Qf4 27.
Rd2 Qxe4+ 28. Ka1 Rc2 29. Qd8+ Kh7 30. Rxc2 Qxc2 31. Rb1 Qxg2 32. Qe7 Qf3 33.
b4 Bd4 34. b5 Kg7 35. a3 Bf6 36. Qb4 Qg3 37. Rh1 b6 38. Ka2 Qg4 39. Qxg4 hxg4
40. Rg1 Bxh4 41. Rxg4 g5 42. Kb3 f5 43. Rc4 g4 44. Rc2 g3 45. Kc3 f4 46. Kd3 f3
47. Ke3 g2 48. Rc7+ Kf6 49. Rc6+ Kf5 50. Kxf3 g1=Q 0-1

[Event "Michigan Class D/E"]
[Site "Auburn Hills, MI"]
[Date "2003.04.26"]
[Round "3.9"]
[White "Kahn, James"]
[Black "Osebold, James"]
[Result "1-0"]
[WhiteElo "1289"]
[BlackElo "1391"]
[PlyCount "65"]
[EventDate "2003.04.26"]

1. e4 e5 2. Nf3 Nc6 3. Bb5 d6 4. d4 exd4 5. Nxd4 Bd7 6. Nxc6 Bxc6 7. Bxc6+ bxc6
8. O-O Nf6 9. Qf3 Be7 10. e5 dxe5 11. Qxc6+ Nd7 12. Re1 O-O 13. Nc3 Re8 14. Be3
Bd6 15. Nb5 Nb6 16. Rad1 Re6 17. c4 a6 18. Nxd6 Rxd6 19. Rxd6 Qxd6 20. Qxd6
cxd6 21. Bxb6 Rb8 22. Bc7 Rxb2 23. f4 f6 24. Bxd6 exf4 25. Re8+ Kf7 26. Re7+
Kg8 27. c5 Rxa2 28. c6 Rc2 29. c7 Rc1+ 30. Kf2 Rc2+ 31. Kf3 Rc3+ 32. Kg4 Kf8
33. Re3+ 1-0

[Event "Michigan Class A"]
[Site "Auburn Hills, MI"]
[Date "2003.04.26"]
[Round "2.8"]
[White "Jewell, Ken"]
[Black "Smith, Walter"]
[Result "0-1"]
[WhiteElo "1812"]
[BlackElo "1952"]
[PlyCount "116"]
[EventDate "2003.04.26"]

1. e4 c5 2. Nf3 Nc6 3. d4 cxd4 4. Nxd4 Nf6 5. Nc3 g6 6. Be3 Bg7 7. f3 O-O 8.
Qd2 d5 9. exd5 Nxd5 10. Nxc6 Bxc3 11. bxc3 bxc6 12. Bh6 Re8 13. Bc4 Qa5 14. O-O
Qxc3 15. Qxc3 Nxc3 16. Rfe1 e5 17. a4 Be6 18. Bb3 f6 19. Ra3 Nd5 20. Bd2 Rad8
21. a5 Nc7 22. Be3 Nb5 23. Ra4 Bxb3 24. cxb3 Rd3 25. b4 a6 26. Bc5 Kf7 27. Raa1
Nd4 28. Rad1 Rxd1 29. Rxd1 Rd8 30. Kf2 Ne6 31. Rxd8 Nxd8 32. Ke3 Ke6 33. Kd3
Kd5 34. Be7 Ne6 35. g3 f5 36. h4 Nd4 37. f4 e4+ 38. Kd2 Kc4 39. Bc5 Nb3+ 40.
Ke3 Nxa5 41. h5 Nb3 42. hxg6 hxg6 43. Be7 Nd4 44. Bf8 Nc2+ 45. Kd2 Nxb4 46. g4
c5 47. gxf5 gxf5 48. Bg7 Nc6 49. Ke3 Nd4 50. Kd2 Kb3 51. Be5 a5 52. Kc1 a4 53.
Kb1 a3 54. Ka1 Nc2+ 55. Kb1 a2+ 56. Kc1 Nd4 57. Kd2 a1=Q 58. Ke3 Qe1# 0-1

[Event "Michigan Class A"]
[Site "Auburn Hills, MI"]
[Date "2003.04.26"]
[Round "1.7"]
[White "Jewell, Ken"]
[Black "Ho, Randy"]
[Result "0-1"]
[WhiteElo "1812"]
[BlackElo "1888"]
[PlyCount "70"]
[EventDate "2003.04.26"]

1. e4 c5 2. Nf3 d6 3. d4 cxd4 4. Nxd4 Nf6 5. Nc3 a6 6. Bc4 e6 7. Be3 Nbd7 8. f3
Ne5 9. Bb3 Be7 10. Qd2 O-O 11. O-O-O b5 12. g4 Qc7 13. h4 Nc4 14. Bxc4 bxc4 15.
h5 Ne8 16. Rdg1 f6 17. f4 Rb8 18. f5 d5 19. exd5 Qb7 20. Nd1 exd5 21. c3 Nd6
22. Nf2 Re8 23. h6 Bd8 24. Bf4 Bc7 25. Bxd6 Bxd6 26. hxg7 Bf4 27. Qxf4 Qxb2+
28. Kd1 Qxc3 29. Qxb8 Qxd4+ 30. Kc1 Qe3+ 31. Kb1 Bxf5+ 32. gxf5 Rxb8+ 33. Kc2
Qxf2+ 34. Kc1 Rb2 35. Rxh7 Qc2# 0-1

[Event "Michigan Class A"]
[Site "Auburn Hills, MI"]
[Date "2003.04.26"]
[Round "1.6"]
[White "Jendras, Gerard"]
[Black "Zubatch, Steve"]
[Result "1-0"]
[WhiteElo "1890"]
[BlackElo "1821"]
[PlyCount "79"]
[EventDate "2003.04.26"]

1. d4 Nf6 2. c4 g6 3. Nc3 Bg7 4. e4 d6 5. Nf3 O-O 6. Be2 e5 7. O-O Nc6 8. d5
Ne7 9. b4 Nd7 10. Ne1 a5 11. Ba3 axb4 12. Bxb4 f5 13. Nd3 fxe4 14. Nxe4 Nf6 15.
f3 Nf5 16. Bd2 Qe8 17. a4 Bd7 18. a5 Nd4 19. Rb1 Ba4 20. Qe1 Nb3 21. Bd1 Nxe4
22. fxe4 Rxf1+ 23. Kxf1 Nxd2+ 24. Qxd2 Bxd1 25. Qxd1 Rxa5 26. Rxb7 Qf7+ 27. Qf3
Bf6 28. c5 Ra1+ 29. Kf2 dxc5 30. Nxc5 Bh4+ 31. Ke2 Ra2+ 32. Kd1 Qe7 33. Ne6
Ra1+ 34. Kc2 Qe8 35. Qb3 Ra8 36. Rxc7 Rb8 37. Qc4 Kh8 38. d6 Qg8 39. d7 h5 40.
Rc8 1-0

[Event "Michigan Masters/Experts"]
[Site "Auburn Hills, MI"]
[Date "2003.04.26"]
[Round "2.4"]
[White "Jarosz, Stan"]
[Black "Mazuchowski, Tom"]
[Result "0-1"]
[WhiteElo "2010"]
[BlackElo "2000"]
[Annotator "Tim McGrew"]
[PlyCount "54"]
[EventDate "2003.04.26"]

{King's Indian: Fianchetto (Simagin)} 1. d4 Nf6 2. c4 g6 3. Nc3 Bg7 4. Nf3 O-O
5. g3 d6 6. Bg2 Nc6 7. O-O Bg4 8. d5 Na5 $5 {A double-edged idea. Black puts
immediate pressure on White's queen-side, but the knight itself is rather
awkwardly situated on the edge.} 9. Qd3 {A bit unusual.} ({A more common way
to defend c4 is} 9. Nd2 c5 10. Qc2 {as in Tkachiev-Krstic, Croatian team ch
2002 (1-0, 36).}) 9... c5 10. h3 Bd7 {So far we've been following
McNab-Alvarez from the 2000 Olympiad, where White now tried to shore up the
queen-side with 11.Nd2 a6 12.Rb1. It didn't bring him much, and the game was
drawn in 23 moves.} 11. e4 e5 12. Nd2 Nh5 {This is the sort of position that
King's Indian players long for. Black's attack will unfold very naturally on
the king-side with moves like ...f5. By contrast, White's play on the
queen-side is difficult to find.} 13. a3 {This is not a lost tempo: Black must
secure a retreat for his knight.} b6 14. b4 Nb7 15. Nb3 Rc8 (15... f5 {looks
good right away.}) 16. b5 f5 17. Bd2 Rf7 18. a4 Qf8 19. Kh2 Bh6 20. a5 f4 21.
g4 {Apparently plugging things up, but Black has other ideas.#} f3 $1 22. Bh1
$2 {The wrong decision in a fairly bewildering position.} (22. gxh5 Bxd2 23.
Nxd2 fxg2 24. Kxg2 Nxa5 25. hxg6 hxg6 {is unclear. Black's a-pawn won't be of
much use in the near future; the more significant factor is that White's king
is a bit exposed.}) 22... Bxd2 23. Qxd2 Nf4 24. Qe3 {Now for shock number two:#
} Bxg4 $1 {Very unpleasant for White! A black twister is ripping through the
castle walls.} 25. Bxf3 (25. hxg4 Qh6+ 26. Kg1 Nh3+ 27. Kh2 Qh4) 25... Bxh3 $1
{Opening the h-file fully is the natural way to complete the demolition.} 26.
Rg1 Qh6 27. Rg3 Bg2+ {A fine example of what a King's Indian player can do
when he is in his element.} 0-1

[Event "Michigan Class C"]
[Site "Auburn Hills, MI"]
[Date "2003.04.26"]
[Round "3.4"]
[White "Hooker, Larry"]
[Black "Brooks, Randall"]
[Result "0-1"]
[WhiteElo "1465"]
[BlackElo "1507"]
[PlyCount "62"]
[EventDate "2003.04.26"]

1. e4 c5 2. f4 Nc6 3. Nc3 e6 4. Nf3 Nge7 5. Bb5 g6 6. O-O Bg7 7. d3 d5 8. Bxc6+
Nxc6 9. e5 O-O 10. b3 a6 11. a4 Rb8 12. Ba3 b6 13. Qe1 Ne7 14. Qf2 d4 15. Ne4
Nf5 16. Bc1 Bb7 17. Re1 Bxe4 18. Rxe4 Ne7 19. Ng5 h6 20. Nf3 Qd7 21. Ba3 f6 22.
exf6 Rxf6 23. Rae1 Nd5 24. Ne5 Qc7 25. Bb2 Rbf8 26. Qd2 Nxf4 27. Ng4 Rf5 28. g3
Nh3+ 29. Kg2 Ng5 30. Bc1 h5 31. Rf4 Qb7+ 0-1

[Event "Michigan Class C"]
[Site "Auburn Hills, MI"]
[Date "2003.04.26"]
[Round "3.7"]
[White "Holden, Anthony"]
[Black "Saylor, Oliver"]
[Result "0-1"]
[WhiteElo "1500"]
[BlackElo "1427"]
[PlyCount "120"]
[EventDate "2003.04.26"]

1. d4 d5 2. e3 Nf6 3. Bd3 Nc6 4. f4 Bd7 5. c3 g6 6. Nd2 Bg7 7. Ngf3 Ng4 8. Qe2
O-O 9. h3 Nf6 10. g4 e6 11. Ng5 h6 12. Ngf3 Nh7 13. h4 Ne7 14. h5 e5 15. Nxe5
Bxe5 16. dxe5 Bc6 17. hxg6 fxg6 18. Rxh6 Rf7 19. Qh2 Qd7 20. Qh3 Rg7 21. Nf3
Re8 22. f5 gxf5 23. gxf5 d4 24. Nxd4 Rg1+ 25. Kf2 Rg2+ 26. Kf1 Rg5 27. Nxc6
Qxd3+ 28. Ke1 Nxc6 29. Rxh7 Qxf5 30. Qxf5 Rxf5 31. Rxc7 Ref8 32. b3 Nxe5 33. e4
Rf1+ 34. Ke2 R8f2+ 35. Ke3 Ng4+ 36. Kd4 Rd1+ 37. Kc4 b6 38. Kb5 Re2 39. Rxa7
Rxe4 40. Bb2 Rd5+ 41. Ka6 Re6 42. Ra8+ Kf7 43. Rf1+ Nf6 44. b4 Rd2 45. Rb1 Nd5
46. c4 Nc7+ 47. Kb7 Nxa8 48. Rf1+ Ke7 49. Bc1 Rxa2 50. Bg5+ Ke8 51. Rd1 Re4 52.
Rd8+ Kf7 53. Rxa8 Rxa8 54. Kxa8 Rxc4 55. Bd2 Rd4 56. Bc3 Rc4 57. Bd2 Rd4 58.
Be1 Rd7 59. Kb8 Ke6 60. Bc3 Kd5 0-1

[Event "Michigan Class A"]
[Site "Auburn Hills, MI"]
[Date "2003.04.26"]
[Round "2.2"]
[White "Ho, Randy"]
[Black "Aldrich, Jeff"]
[Result "0-1"]
[WhiteElo "1888"]
[BlackElo "1915"]
[PlyCount "78"]
[EventDate "2003.04.26"]

1. e4 c6 2. d4 d5 3. e5 Bf5 4. Nf3 e6 5. Be2 Ne7 6. O-O Nd7 7. c4 dxc4 8. Bxc4
Nb6 9. Be2 Ned5 10. Nc3 Be7 11. Qb3 Nb4 12. Qd1 O-O 13. Be3 Rc8 14. Rc1 N4d5
15. Nd2 f6 16. Nde4 fxe5 17. dxe5 Qc7 18. Bxb6 axb6 19. Qd4 Rcd8 20. Nb5 Qb8
21. Nbd6 Bxe4 22. Qxe4 Bxd6 23. exd6 Qxd6 24. Rfe1 Rf5 25. Qd3 e5 26. Qb3 Kh8
27. Rcd1 Qc5 28. Bf3 Re8 29. Rc1 Qd6 30. Bxd5 cxd5 31. Qg3 Ref8 32. Rc2 e4 33.
Rec1 h6 34. Rc7 Qf6 35. R1c2 d4 36. Rxb7 e3 37. Rc6 e2 38. f3 e1=Q+ 39. Qxe1
Qxc6 0-1

[Event "Michigan Class C"]
[Site "Auburn Hills, MI"]
[Date "2003.04.26"]
[Round "1.3"]
[White "Hershberger, Kent"]
[Black "Kelly, James"]
[Result "0-1"]
[WhiteElo "1577"]
[BlackElo "1481"]
[PlyCount "41"]
[EventDate "2003.04.26"]

1. e4 e5 2. Nf3 Nc6 3. Bc4 Bc5 4. O-O Nf6 5. d4 exd4 6. e5 Ne4 7. Bd5 f5 8.
exf6 Nxf6 9. Re1+ Be7 10. Nxd4 Nxd4 11. Qxd4 c6 12. Bb3 d5 13. Qe5 Kf7 14. Bg5
Bd6 15. Qe3 Be7 16. Nd2 Re8 17. Nf3 Qc7 18. Bxf6 gxf6 19. h3 Rg8 20. Qd3 Rg7
21. Nh4 0-1

[Event "Michigan Class C"]
[Site "Auburn Hills, MI"]
[Date "2003.04.26"]
[Round "2.6"]
[White "Hershberger, Kent"]
[Black "Grzegorczyk, Ron"]
[Result "0-1"]
[WhiteElo "1577"]
[BlackElo "1590"]
[PlyCount "69"]
[EventDate "2003.04.26"]

1. e4 c5 2. Nf3 Nc6 3. d4 cxd4 4. Nxd4 d6 5. Be2 g6 6. Be3 Bg7 7. Nc3 a6 8. O-O
Nf6 9. f4 e6 10. Nxc6 bxc6 11. e5 Nd5 12. Nxd5 cxd5 13. Bd4 O-O 14. Rf3 Rb8 15.
Rb3 Qc7 16. Rxb8 Qxb8 17. exd6 Qxd6 18. Bxg7 Kxg7 19. Qd4+ f6 20. Rf1 Rf7 21.
Rf3 Bd7 22. Ra3 Qc7 23. Bd3 Bb5 24. Bxb5 axb5 25. c3 e5 26. fxe5 fxe5 27. Qe3
Qe7 28. Ra5 Qf6 29. Qe2 Qb6+ 30. Kh1 e4 31. Ra3 Rf2 32. Qd1 e3 33. h3 e2 34.
Qxd5 e1=Q+ 35. Kh2 0-1

[Event "Michigan Class B"]
[Site "Auburn Hills, MI"]
[Date "2003.04.26"]
[Round "2.7"]
[White "Hazzard, Bill"]
[Black "Van Eerd, Bart"]
[Result "0-1"]
[WhiteElo "1622"]
[BlackElo "1796"]
[PlyCount "142"]
[EventDate "2003.04.26"]

1. d4 Nf6 2. Nf3 e6 3. Bg5 d5 4. Nbd2 Be7 5. e3 Nbd7 6. Bd3 h6 7. Bh4 c5 8. c3
O-O 9. Rc1 Re8 10. O-O b6 11. Re1 Bb7 12. e4 dxe4 13. Nxe4 Nxe4 14. Bxe7 Nxc3
15. bxc3 Qxe7 16. Bc4 Rad8 17. Ne5 Qg5 18. Qg4 Nxe5 19. Qxg5 Nf3+ 20. gxf3 hxg5
21. dxc5 bxc5 22. Re3 Bd5 23. Bb5 Re7 24. c4 Bb7 25. Ba4 Rd2 26. Bb3 a5 27. Re5
Rc7 28. Rxg5 Bxf3 29. Rg3 Bc6 30. a4 Rcd7 31. Kf1 R7d3 32. Ke1 Rxg3 33. hxg3
Rb2 34. Rc3 Kf8 35. Re3 Ke7 36. f3 Rb1+ 37. Kd2 Ra1 38. Kc2 Bxa4 39. Kb2 Rg1
40. Bxa4 Rxg3 41. Rd3 g5 42. Rd7+ Kf6 43. Bc6 Kg6 44. Ra7 Rg2+ 45. Kb3 g4 46.
fxg4 Rg3+ 47. Ka4 Rxg4 48. Kb5 Rg5 49. Kxa5 f5 50. Ra8 Kf6 51. Kb5 Ke7 52. Ra7+
Kd6 53. Rd7+ Ke5 54. Kxc5 f4 55. Rf7 Rf5 56. Rxf5+ Kxf5 57. Bf3 Ke5 58. Kc6 Kd4
59. c5 e5 60. Kd6 e4 61. c6 exf3 62. c7 f2 63. c8=Q f1=Q 64. Qc5+ Ke4 65. Qd5+
Ke3 66. Ke5 Qa1+ 67. Kf5 Qb1+ 68. Kg4 Qg6+ 69. Kh4 Qg3+ 70. Kh5 Qf3+ 71. Qxf3+
Kxf3 0-1

[Event "Michigan Class C"]
[Site "Auburn Hills, MI"]
[Date "2003.04.26"]
[Round "3.1"]
[White "Haney, Mark"]
[Black "Prong, Clint"]
[Result "0-1"]
[WhiteElo "1514"]
[BlackElo "1582"]
[PlyCount "62"]
[EventDate "2003.04.26"]

1. e4 e5 2. Nf3 Nc6 3. Bb5 Nf6 4. O-O Nxe4 5. Re1 Nd6 6. Bxc6 dxc6 7. Nxe5 Be7
8. d4 O-O 9. Bf4 Bf6 10. Nd2 Bf5 11. g4 Bg6 12. c4 Re8 13. c5 Nc8 14. Ne4 Bxe4
15. Rxe4 h6 16. Qe2 Ne7 17. Re1 Kf8 18. g5 hxg5 19. Nxf7 Kxf7 20. Qh5+ Kg8 21.
Bxg5 Qd5 22. h4 Qf7 23. Qe2 Kf8 24. Bxf6 Qxf6 25. Kf1 Rad8 26. Qg4 Nd5 27. Re5
Rxe5 28. Rxe5 Kg8 29. Qh5 Rf8 30. Qe2 Qxh4 31. Kg2 Nf4+ 0-1

[Event "Michigan Class C"]
[Site "Auburn Hills, MI"]
[Date "2003.04.26"]
[Round "1.7"]
[White "Haney, Mark"]
[Black "Cottrell-Finegold, Kelly"]
[Result "1-0"]
[WhiteElo "1514"]
[BlackElo "1464"]
[PlyCount "81"]
[EventDate "2003.04.26"]

1. e4 c5 2. Nc3 d6 3. g3 e6 4. Bg2 Nf6 5. f4 Be7 6. Nf3 O-O 7. O-O Nc6 8. d3
Rb8 9. h3 b5 10. a3 a6 11. Be3 Bb7 12. Qd2 Ne8 13. Ne2 Qc7 14. Rac1 a5 15. c3
e5 16. Rc2 b4 17. axb4 cxb4 18. cxb4 axb4 19. d4 Qa5 20. d5 exf4 21. Nxf4 Ne5
22. Nd4 Nf6 23. Nc6 Nxc6 24. dxc6 Ba8 25. Nd5 Nxd5 26. exd5 Qc7 27. Ra1 b3 28.
Rc4 Bf6 29. Bd4 Be5 30. Bxe5 dxe5 31. d6 Qb6+ 32. Qf2 Qb5 33. Qc5 Qb6 34. Qxb6
Rxb6 35. Rxa8 Rxa8 36. c7 Ra1+ 37. Kh2 h6 38. c8=Q+ Kh7 39. Qf5+ g6 40. Qxf7+
Kh8 41. Rc8# 1-0

[Event "Michigan Masters/Experts"]
[Site "Auburn Hills, MI"]
[Date "2003.04.26"]
[Round "1.3"]
[White "Hamood, Al"]
[Black "Gabbara, Faris"]
[Result "1/2-1/2"]
[WhiteElo "2074"]
[BlackElo "2009"]
[PlyCount "119"]
[EventDate "2003.04.26"]

1. e4 e5 2. Nf3 Nc6 3. Bb5 Bc5 4. O-O Nd4 5. Nxd4 Bxd4 6. c3 Bb6 7. d4 c6 8.
Bc4 d6 9. a4 Nf6 10. Bg5 h6 11. Bh4 g5 12. Bg3 Qe7 13. a5 Bc7 14. Re1 h5 15. f3
h4 16. Bf2 g4 17. dxe5 dxe5 18. b4 Bd6 19. Nd2 gxf3 20. Nxf3 Ng4 21. Ra2 Nxf2
22. Rxf2 f6 23. Ref1 Bg4 24. h3 Bh5 25. Qb3 Bg6 26. Ng5 fxg5 27. Rf6 O-O-O 28.
Rxg6 Rhf8 29. Be6+ Kb8 30. Bf5 Bc7 31. a6 Bb6+ 32. Kh1 Rd6 33. Rxd6 Qxd6 34.
Rd1 Qf6 35. axb7 Rd8 36. Bc8 Qf2 37. Qb1 Qb2 38. Re1 Qxb1 39. Rxb1 Rd3 40. c4
Bd4 41. c5 a6 42. Kh2 Ra3 43. Be6 Ra1 44. Rxa1 Bxa1 45. Bc8 Bc3 46. Kg1 Bxb4
47. Kf1 Bxc5 48. Ke2 a5 49. Kd3 a4 50. Kc4 Bd6 51. Kc3 Ka7 52. Kc4 Kb6 53.
b8=Q+ Bxb8 54. Kb4 Bd6+ 55. Kxa4 Kc5 56. Bd7 Kd4 57. Bxc6 Ke3 58. Kb3 Kf2 59.
Kc4 Kxg2 60. Bd7 1/2-1/2

[Event "Michigan Class C"]
[Site "Auburn Hills, MI"]
[Date "2003.04.26"]
[Round "1.1"]
[White "Grzegorczyk, Ron"]
[Black "Foord, Allan"]
[Result "1/2-1/2"]
[WhiteElo "1590"]
[BlackElo "1500"]
[PlyCount "125"]
[EventDate "2003.04.26"]

1. e4 c5 2. Nf3 d6 3. d4 cxd4 4. Nxd4 Nf6 5. Nc3 a6 6. Be2 e6 7. O-O Be7 8. Be3
O-O 9. a4 Nc6 10. Nxc6 bxc6 11. a5 c5 12. Bf3 Rb8 13. b3 Qc7 14. Bf4 Rd8 15.
Qe2 e5 16. Bg3 Qb7 17. Na4 Nd7 18. Nb2 Qb5 19. Nc4 Bb7 20. Rfd1 Nf6 21. Qe1 Qc6
22. Rd3 Ne8 23. Rad1 Qc7 24. Nb6 Bc6 25. Qe2 Bb5 26. c4 Bc6 27. Qc2 Qb7 28. Re3
Bg5 29. Re2 g6 30. h4 Bh6 31. Rd3 Nf6 32. Nd5 Bxd5 33. cxd5 Qb4 34. Qc3 Rb5 35.
Bxe5 dxe5 36. Qxe5 Bg7 37. Qc7 Rdb8 38. e5 Ne8 39. Qc6 Rxa5 40. Re4 Ra1+ 41.
Kh2 Qb5 42. Qxb5 axb5 43. d6 Rd8 44. Rc3 Nxd6 45. Rd3 Nb7 46. Rc3 Rd4 47. Rxd4
cxd4 48. Rc8+ Bf8 49. Bxb7 Ra7 50. Bc6 b4 51. Be4 Rd7 52. Bd3 Kg7 53. f4 Be7
54. Kh3 h5 55. g4 hxg4+ 56. Kxg4 Rd5 57. Rc7 Kf8 58. Rc8+ Kg7 59. Rc7 Kf8 60.
Rc8+ Kg7 61. Bc4 Rd7 62. Re8 Bc5 63. Bd3 1/2-1/2

[Event "Michigan Class C"]
[Site "Auburn Hills, MI"]
[Date "2003.04.26"]
[Round "3.2"]
[White "Grzegorczyk, Ron"]
[Black "Aldrich, Justin"]
[Result "1-0"]
[WhiteElo "1590"]
[BlackElo "1558"]
[PlyCount "79"]
[EventDate "2003.04.26"]

1. e4 e5 2. Nf3 Nc6 3. Bb5 d6 4. O-O Bd7 5. d4 exd4 6. Nxd4 Nxd4 7. Bxd7+ Qxd7
8. Qxd4 Qe6 9. Nc3 Nf6 10. Bg5 Be7 11. f4 O-O 12. Kh1 h6 13. f5 Qe5 14. Qxe5
dxe5 15. Bxf6 Bxf6 16. Rad1 Be7 17. Nb5 c6 18. Rd7 Bc5 19. Nd6 Bxd6 20. Rxd6 f6
21. Rfd1 Rf7 22. h4 h5 23. Kh2 c5 24. Kh3 b6 25. g4 hxg4+ 26. Kxg4 Kh7 27. a4
Rb8 28. c4 a6 29. R1d2 Rfb7 30. b3 Ra7 31. Rc6 Kh6 32. Rdd6 b5 33. axb5 axb5
34. cxb5 Rab7 35. b6 Ra8 36. Rxc5 Ra6 37. Rc8 Kh7 38. Rdd8 g6 39. Rc7+ Rxc7 40.
bxc7 1-0